All-25 Euroleague Team - Statistics

General Stats
  • This quiz has been taken 47 times
  • The average score is 13 of 25
Answer Stats
Retired Players % Correct
ACTIVE Sergio Llull
77%
ACTIVE Luka Doncic
69%
ACTIVE Mike James
69%
2025 Milos Teodosic
69%
ACTIVE Kostas Sloukas
67%
2018 Juan Carlos Navarro
64%
2024 Rudy Fernandez
64%
ACTIVE Shane Larkin
64%
2014 Sarunas Jasikevicius
59%
2024 Sergio Rodriguez
59%
ACTIVE Walter Tavares
59%
ACTIVE Nando De Colo
56%
ACTIVE Bogdan Bogdanovic
54%
2021 Vasilis Spanoulis
54%
2012 Anthony Parker
51%
2016 Dimitris Diamantidis
51%
ACTIVE Vasilije Micic
51%
2007 Dejan Bodiroga
49%
2022 Georgios Printezis
44%
2024 Kyle Hines
44%
2013 Theo Papaloukas
44%
2012 Ramunas Siskauskas
33%
2014 Mike Batiste
31%
2013 Nikola Vujcic
28%
2018 Manu Ginobili
23%
No matching quizzes found
Score Distribution
Percent of People with Each Score
Percentile by Number Answered
Your Score History
You have not taken this quiz